Gardner's workout: training the mind and entertaining the spirit. (Record no. 213809)
[ view plain ]
| 000 -LEADER | |
|---|---|
| fixed length control field | 00477nam a2200169Ia 4500 |
| 008 - FIXED-LENGTH DATA ELEMENTS--GENERAL INFORMATION | |
| fixed length control field | 210719s2003 xx 000 0 und d |
| 020 ## - INTERNATIONAL STANDARD BOOK NUMBER | |
| International Standard Book Number | 81-7371-444-4 |
| 041 ## - LANGUAGE CODE | |
| Language code of text/sound track or separate title | eng |
| 082 ## - DEWEY DECIMAL CLASSIFICATION NUMBER | |
| Classification number | 510KAK GARG |
| 100 ## - MAIN ENTRY--PERSONAL NAME | |
| Personal name | GARDNER (Martin) |
| 245 ## - TITLE STATEMENT | |
| Title | Gardner's workout: training the mind and entertaining the spirit. |
| 260 ## - PUBLICATION, DISTRIBUTION, ETC. | |
| Place of publication, distribution, etc. | Hyderabad |
| Name of publisher, distributor, etc. | Universities Press |
| Date of publication, distribution, etc. | 2003 |
| 300 ## - PHYSICAL DESCRIPTION | |
| Extent | xi,319 |
| Other physical details | PB |
| 365 ## - TRADE PRICE | |
| Price amount | 195 |
| Currency code | Rs |
| 650 ## - SUBJECT ADDED ENTRY--TOPICAL TERM | |
| Topical term or geographic name entry element | Mathematics |
| 906 ## - LOCAL DATA ELEMENT F, LDF (RLIN) | |
| a | Mathematical Games Puzzles |
| Withdrawn status | Lost status | Damaged status | Not for loan | Collection code | Home library | Current library | Date acquired | Source of acquisition | Cost, normal purchase price | Total Checkouts | Full call number | Barcode | Date last seen | Price effective from | Koha item type |
|---|---|---|---|---|---|---|---|---|---|---|---|---|---|---|---|
| St Aloysius Library | St Aloysius Library | 01/14/2004 | School Book Company, Mangalore. | 195.00 | 510KAK GARG | D02362 | 07/19/2021 | 07/19/2021 | Donated Books |